000 00379nam a2200169Ia 4500
001 1128
003 IN-NITTTR
005 20251114232908.0
008 251113s9999||||xx |||||||||||||| ||eng||
040 _beng
040 _cIN-NITTTR
041 _aeng
082 _a370.78 B465R
100 _aBest, John W.
245 0 _aResearch in education /
_cBest, John W.
942 _2ddc
_cBK
999 _c1170
_d1170